[Event "Rated Blitz tournament eMXNvI74"]
[Site "?"]
[Date "2021.05.07"]
[Round "?"]
[White "lotikazan"]
[Black "gmmds2694"]
[Result "0-1"]
[WhiteElo "2371"]
[BlackElo "2581"]
[PlyCount "90"]
[EventDate "2021.??.??"]
[EventType "blitz"]

1. e4 e5 2. Nf3 d5 3. exd5 Bd6 4. Nc3 f5 5. d4 e4 6. Ne5 Nf6 7. Bb5+ Nbd7 8.
Bg5 O-O 9. Nxd7 Bxd7 10. Bxd7 Qxd7 11. Qe2 Bb4 12. Bxf6 Rxf6 13. Qc4 Bxc3+ 14.
bxc3 Rd6 15. Rb1 b6 16. O-O Kh8 17. f3 e3 18. Qd3 f4 19. c4 Re8 20. Rbe1 Qf7
21. Kh1 Qh5 22. h3 Qg5 23. Rf2 Qg3 24. Rfe2 Rf8 25. Qe4 Rh6 26. Rd1 Qg5 27. c5
Rd8 28. c4 Rg6 29. cxb6 axb6 30. c5 h6 31. cxb6 Rxb6 32. Rc1 Rxd5 33. Qe8+ Kh7
34. Qe4+ Rg6 35. Rxc7 Rdd6 36. Rc1 Rde6 37. Qd3 Qd5 38. Rc5 Qd7 39. d5 Rb6 40.
Kh2 Qd8 41. Qe4 Qg5 42. Rc1 Rbd6 43. Rd1 h5 44. Rc2 Kh6 45. Rc6 Qxg2# {Normal}
0-1

[Event "Rated Blitz game"]
[Site "?"]
[Date "2021.05.07"]
[Round "?"]
[White "nebulo89"]
[Black "fuglfonix"]
[Result "0-1"]
[WhiteElo "2458"]
[BlackElo "2324"]
[PlyCount "50"]
[EventDate "2021.??.??"]
[EventType "blitz"]

1. e4 e5 2. Nf3 d5 3. exd5 e4 4. Nd4 Qxd5 5. Nb3 Bd6 6. Nc3 Qe5 7. d4 exd3+ 8.
Be3 dxc2 9. Qxc2 Nf6 10. O-O-O Bf5 11. Bd3 Bxd3 12. Qxd3 Nc6 13. f4 Qh5 14. h3
O-O 15. g4 Qh4 16. Rdg1 Rad8 17. Qc2 Nd7 18. Nd5 Nb6 19. Bf2 Qh6 20. g5 Qh5 21.
Nf6+ gxf6 22. gxf6+ Kh8 23. Bxb6 axb6 24. Qg2 Bxf4+ 25. Kb1 Qg6+ {Normal} 0-1

[Event "Rated Blitz game"]
[Site "?"]
[Date "2021.05.07"]
[Round "?"]
[White "AlexIwanowitschL"]
[Black "KinzyabulatovRenat"]
[Result "1-0"]
[WhiteElo "2471"]
[BlackElo "2431"]
[PlyCount "77"]
[EventDate "2021.??.??"]
[EventType "blitz"]

1. e4 e5 2. Nf3 d5 3. Nxe5 Bd6 4. d4 dxe4 5. Be3 Bxe5 6. dxe5 Qxd1+ 7. Kxd1 Nc6
8. Nd2 Bf5 9. Bb5 Nge7 10. h3 h5 11. Ke2 O-O-O 12. f4 exf3+ 13. Nxf3 Bxc2 14.
Rac1 Bg6 15. Bg5 a6 16. Bxc6 Nxc6 17. Bxd8 Rxd8 18. Rhd1 Re8 19. Kf2 Nxe5 20.
Nxe5 Rxe5 21. Re1 Rxe1 22. Rxe1 Kd7 23. Ke3 c5 24. Kf4 Kd6 25. Re8 c4 26. Rc8
b5 27. Ra8 b4 28. Rxa6+ Kc5 29. Ke3 c3 30. bxc3 bxc3 31. Ra8 Kb4 32. a4 Kb3 33.
a5 Kb2 34. a6 c2 35. Rb8+ Ka3 36. Kd2 Be4 37. a7 Bxg2 38. a8=Q+ Bxa8 39. Rxa8+
{Normal} 1-0

[Event "Rated Blitz tournament eMXNvI74"]
[Site "?"]
[Date "2021.05.07"]
[Round "?"]
[White "diamondchessboy"]
[Black "dr_xStranger"]
[Result "1-0"]
[WhiteElo "2408"]
[BlackElo "2533"]
[PlyCount "61"]
[EventDate "2021.??.??"]
[EventType "blitz"]

1. e4 e5 2. Nf3 d5 3. exd5 e4 4. Qe2 Nf6 5. Nc3 Be7 6. Nxe4 O-O 7. d3 Nxd5 8.
Bd2 Re8 9. O-O-O f5 10. Nc3 Bf6 11. Nxd5 Rxe2 12. Nxf6+ Qxf6 13. Bxe2 Nc6 14.
Bc3 Qf8 15. d4 Ne7 16. Bc4+ Kh8 17. Rhe1 Ng6 18. h4 Bd7 19. h5 Nf4 20. h6 Nh5
21. hxg7+ Qxg7 22. d5 Nf6 23. d6 Re8 24. Rxe8+ Bxe8 25. dxc7 Qh6+ 26. Kb1 Bd7
27. Rxd7 Qh1+ 28. Ne1 Qxe1+ 29. Bxe1 Nxd7 30. c8=Q+ Kg7 31. Qxd7+ {Normal} 1-0

[Event "Rated Blitz game"]
[Site "?"]
[Date "2021.05.07"]
[Round "?"]
[White "Bibekthing"]
[Black "Maltinho"]
[Result "0-1"]
[WhiteElo "2435"]
[BlackElo "2502"]
[PlyCount "78"]
[EventDate "2021.??.??"]
[EventType "blitz"]

1. e4 e5 2. Nf3 d5 3. exd5 Bd6 4. d4 e4 5. Qe2 Nf6 6. Nfd2 O-O 7. c4 c5 8. dxc5
Bxc5 9. h3 Re8 10. Nb3 Bb4+ 11. Bd2 Na6 12. Nc3 Bf5 13. g4 Bg6 14. h4 h5 15. g5
Ng4 16. Bh3 Bf5 17. Nd4 Bd7 18. O-O-O Nc5 19. Kb1 Qb6 20. Nc2 Nd3 21. Nxe4
Ndxf2 22. Bxg4 Nxe4 23. Bxd7 Nxd2+ 24. Qxd2 Bxd2 25. Rxd2 Re4 26. Na3 Rd8 27.
Ba4 Qb4 28. Bc2 Rxh4 29. Rhd1 a6 30. d6 Rh1 31. Rd4 Rxd1+ 32. Rxd1 Rxd6 33. Rf1
g6 34. Ka1 Qd2 35. Bb1 Qxg5 36. Nc2 Qf5 37. Rxf5 gxf5 38. Ne3 f4 39. Nf5 Rd1 {
Time forfeit} 0-1

[Event "Rated Blitz game"]
[Site "?"]
[Date "2021.05.07"]
[Round "?"]
[White "Amir_iranian"]
[Black "KinzyabulatovRenat"]
[Result "1-0"]
[WhiteElo "2553"]
[BlackElo "2416"]
[PlyCount "69"]
[EventDate "2021.??.??"]
[EventType "blitz"]

1. e4 e5 2. Nf3 d5 3. exd5 e4 4. Qe2 Nf6 5. Nc3 Be7 6. Nxe4 O-O 7. Nxf6+ Bxf6
8. d4 Qxd5 9. Qc4 Re8+ 10. Be3 Qa5+ 11. b4 Qh5 12. Be2 Nd7 13. Qxc7 Nb6 14. Ne5
Bxe5 15. dxe5 Qxe5 16. Qxe5 Rxe5 17. Bf3 Nc4 18. O-O-O Bf5 19. Bxb7 Rae8 20.
Bd2 Rb8 21. Bf4 Re2 22. Bxb8 Rxc2+ 23. Kb1 Nd2+ 24. Rxd2 Rxd2+ 25. Ka1 Be6 26.
a4 Ra2+ 27. Kb1 Rxa4 28. Bd6 Ra2 29. Bc5 a5 30. b5 h5 31. b6 a4 32. Be4 a3 33.
Rd1 Rb2+ 34. Kc1 Rb5 35. Rd8# {Normal} 1-0

[Event "Rated Blitz game"]
[Site "?"]
[Date "2021.05.07"]
[Round "?"]
[White "lord_barre"]
[Black "KamranShirazi"]
[Result "0-1"]
[WhiteElo "2465"]
[BlackElo "2463"]
[PlyCount "114"]
[EventDate "2021.??.??"]
[EventType "blitz"]

1. e4 e5 2. Nf3 d5 3. exd5 e4 4. Qe2 Nf6 5. d3 Bb4+ 6. c3 O-O 7. dxe4 Bc5 8.
Bg5 c6 9. dxc6 Nxc6 10. Nbd2 Re8 11. O-O-O Qc7 12. Bxf6 gxf6 13. Nb3 Bb6 14. h3
Qf4+ 15. Qd2 Rxe4 16. Qxf4 Rxf4 17. Rd2 Bf5 18. Bb5 Rc8 19. Bxc6 bxc6 20. Nfd4
Bg6 21. f3 c5 22. Nc2 a5 23. Re1 a4 24. Nba1 Kg7 25. Na3 Rb8 26. N1c2 Ba5 27.
Ne3 h5 28. Nd5 Rf5 29. Nc4 Bd8 30. Re8 Rg5 31. g4 hxg4 32. hxg4 f5 33. Nde3 Bc7
34. Rxb8 Bxb8 35. f4 Bxf4 36. gxf5 Bxf5 37. Rf2 Rg1+ 38. Kd2 Bxe3+ 39. Nxe3 Bg6
40. Nf5+ Kf8 41. Ne3 Rg3 42. b3 a3 43. b4 cxb4 44. cxb4 Be4 45. Rf4 Bc6 46. Rc4
Bd7 47. Rc7 Be6 48. Ra7 Bxa2 49. Rxa3 Be6 50. Rd3 Rh3 51. Rd4 Rh2+ 52. Kd3 Rb2
53. Re4 Rb1 54. Kc3 Rd1 55. Nd5 Rc1+ 56. Kd4 Rd1+ 57. Ke5 Rxd5+ {Time forfeit}
0-1

[Event "Rated Blitz game"]
[Site "?"]
[Date "2021.05.07"]
[Round "?"]
[White "Elgranconejo"]
[Black "KinzyabulatovRenat"]
[Result "1/2-1/2"]
[WhiteElo "2450"]
[BlackElo "2450"]
[PlyCount "94"]
[EventDate "2021.??.??"]
[EventType "blitz"]

1. e4 e5 2. Nf3 d5 3. exd5 e4 4. Qe2 Nf6 5. Nc3 Be7 6. Nxe4 O-O 7. Nxf6+ Bxf6
8. Qd1 Re8+ 9. Be2 Qe7 10. d4 Nd7 11. c4 Nb6 12. Kf1 Bg4 13. Be3 Bxf3 14. gxf3
Bg5 15. f4 Bh6 16. Rg1 Kh8 17. Rg4 f5 18. Rg3 Qh4 19. Kg2 Bxf4 20. Bxf4 Qxf4
21. Bd3 Re7 22. Qf3 Qxf3+ 23. Rxf3 g6 24. Re3 Rae8 25. Rae1 Rxe3 26. Rxe3 Rxe3
27. fxe3 Kg7 28. b3 Kf6 29. Kf3 a5 30. e4 fxe4+ 31. Kxe4 h6 32. c5 Nc8 33. a3
g5 34. b4 axb4 35. axb4 h5 36. Be2 g4 37. b5 b6 38. Bc4 h4 39. Kf4 bxc5 40.
dxc5 g3 41. hxg3 hxg3 42. Kxg3 Ke5 43. d6 cxd6 44. cxd6 Nxd6 45. b6 Kd4 46. b7
Nxb7 47. Bd5 Kxd5 {Normal} 1/2-1/2

[Event "Rated Blitz tournament eMXNvI74"]
[Site "?"]
[Date "2021.05.07"]
[Round "?"]
[White "TrushFc"]
[Black "dr_xStranger"]
[Result "0-1"]
[WhiteElo "2461"]
[BlackElo "2509"]
[PlyCount "108"]
[EventDate "2021.??.??"]
[EventType "blitz"]

1. e4 e5 2. Nf3 d5 3. exd5 e4 4. Qe2 Nf6 5. Nc3 Be7 6. Nxe4 O-O 7. Nxf6+ Bxf6
8. Qd1 Qxd5 9. Be2 Nc6 10. O-O Bg4 11. h3 Bh5 12. c3 Rfe8 13. d4 h6 14. Re1 Qd7
15. Nh2 Bg6 16. Bf4 Ne7 17. Bf3 Nd5 18. Bd2 c6 19. Rxe8+ Rxe8 20. Qf1 Nb6 21.
Ng4 Bg5 22. Bxg5 hxg5 23. Ne5 Qd6 24. Re1 Rd8 25. Qe2 Nd5 26. Nxg6 Qxg6 27. g3
Nf6 28. Qe7 Re8 29. Qxe8+ Nxe8 30. Rxe8+ Kh7 31. Kg2 f5 32. Re5 Qf6 33. g4 g6
34. b3 Kg7 35. a4 Qf7 36. c4 Qd7 37. d5 Qc7 38. Re6 Qd7 39. Kg3 cxd5 40. cxd5
a6 41. Kg2 b5 42. axb5 axb5 43. Rb6 fxg4 44. hxg4 Kh7 45. d6 Kh6 46. Kg3 Qg7
47. Kg2 Qe5 48. d7 Qd4 49. Rb7 b4 50. Bc6 Qxg4+ 51. Kf1 Qd1+ 52. Kg2 Qg4+ 53.
Kf1 Qh3+ 54. Bg2 Qd3+ {Time forfeit} 0-1

[Event "Rated Blitz game"]
[Site "?"]
[Date "2021.05.07"]
[Round "?"]
[White "kvertis"]
[Black "DarthZannah"]
[Result "0-1"]
[WhiteElo "2420"]
[BlackElo "2500"]
[PlyCount "56"]
[EventDate "2021.??.??"]
[EventType "blitz"]

1. e4 e5 2. Nf3 d5 3. Nxe5 dxe4 4. Bc4 Qg5 5. d4 Qxg2 6. Bxf7+ Kd8 7. Kd2 Qxf2+
8. Kc3 Nc6 9. Nxc6+ bxc6 10. Rf1 Qxh2 11. Bxg8 Rxg8 12. Bg5+ Be7 13. Bxe7+ Kxe7
14. b3 Be6 15. Kb2 Raf8 16. Nc3 Bd5 17. Qg4 Rxf1 18. Rxf1 Qd2 19. Rd1 Qe3 20.
Qh4+ Kd7 21. Qxh7 Qh6 22. Qf5+ Qe6 23. Qg5 e3 24. Re1 Re8 25. Qxg7+ Re7 26. Qg3
Kc8 27. Nd1 Qf6 28. Qg4+ Kb7 {Normal} 0-1

[Event "Rated Blitz game"]
[Site "?"]
[Date "2021.05.07"]
[Round "?"]
[White "RnJlaQ64"]
[Black "Gifroy"]
[Result "1-0"]
[WhiteElo "2509"]
[BlackElo "2416"]
[PlyCount "69"]
[EventDate "2021.??.??"]
[EventType "blitz"]

1. e4 e5 2. Nf3 d5 3. exd5 e4 4. Qe2 Nf6 5. d3 Be7 6. dxe4 O-O 7. Nc3 c6 8. Bg5
Re8 9. O-O-O Qa5 10. d6 Bd8 11. Qc4 Be6 12. Qa4 Qxa4 13. Nxa4 Nxe4 14. Be3 b5
15. Nc5 Nxc5 16. Bxc5 Nd7 17. Be3 Bb6 18. Nd4 Bg4 19. Rd2 Rac8 20. h3 Bh5 21.
g4 Bg6 22. Bg2 Ne5 23. b3 a6 24. Re1 c5 25. Nc6 Rxc6 26. f4 Rec8 27. fxe5 Bd8
28. Bxc6 Rxc6 29. Rd5 h6 30. Rxc5 Rxc5 31. Bxc5 Kf8 32. d7+ Kg8 33. e6 fxe6 34.
Rxe6 Bf7 35. Re8+ {Normal} 1-0

[Event "Rated Blitz game"]
[Site "?"]
[Date "2021.05.07"]
[Round "?"]
[White "sgillani051"]
[Black "hkn967"]
[Result "0-1"]
[WhiteElo "2479"]
[BlackElo "2431"]
[PlyCount "80"]
[EventDate "2021.??.??"]
[EventType "blitz"]

1. e4 e5 2. Nf3 d5 3. exd5 e4 4. Qe2 Nf6 5. d3 Qxd5 6. dxe4 Qxe4 7. Qxe4+ Nxe4
8. Bd3 Nc5 9. O-O Nxd3 10. cxd3 f6 11. Bf4 Na6 12. Nc3 Bg4 13. Rfe1+ Kf7 14.
Re3 Nb4 15. Rc1 c5 16. a3 Nc6 17. Ne4 Bxf3 18. Rxf3 Nd4 19. Re3 b6 20. Kf1 g5
21. Bd6 Nf5 22. Bxf8 Nxe3+ 23. fxe3 Rhxf8 24. b4 cxb4 25. Rc7+ Kg6 26. axb4 a5
27. b5 a4 28. Rc6 a3 29. Rc1 a2 30. Ra1 Rfc8 31. Ke2 Rc2+ 32. Kf3 Ra3 33. g4
Rxd3 34. h3 Rb3 35. Rd1 Rb1 36. Rd6 Rf1+ 37. Kg3 a1=Q 38. h4 gxh4+ 39. Kxh4
Rh2+ 40. Kg3 Qe5# {Normal} 0-1

[Event "Rated Blitz game"]
[Site "?"]
[Date "2021.05.07"]
[Round "?"]
[White "Apash_10"]
[Black "KinzyabulatovRenat"]
[Result "1/2-1/2"]
[WhiteElo "2583"]
[BlackElo "2406"]
[PlyCount "114"]
[EventDate "2021.??.??"]
[EventType "blitz"]

1. e4 e5 2. Nf3 d5 3. exd5 e4 4. Qe2 Nf6 5. d3 Qxd5 6. Nc3 Bb4 7. Bd2 Bxc3 8.
Bxc3 O-O 9. Ne5 Nbd7 10. Nxd7 Bxd7 11. Bxf6 exd3 12. Qxd3 Qxd3 13. Bxd3 gxf6
14. O-O-O Bc6 15. Rhe1 Rfe8 16. Kd2 Kg7 17. g3 Re6 18. Re3 Rxe3 19. Kxe3 Re8+
20. Kd2 Re5 21. f4 Rh5 22. h4 Rd5 23. Re1 Kf8 24. c4 Rd8 25. Kc3 h6 26. b4 Bd7
27. c5 Be6 28. a3 c6 29. Re4 Bd5 30. Re2 Re8 31. Rxe8+ Kxe8 32. Kd4 Ke7 33. Bf5
Bf3 34. Bc8 b6 35. cxb6 axb6 36. a4 Kd8 37. Bf5 Kc7 38. a5 c5+ 39. Kc3 cxb4+
40. Kxb4 bxa5+ 41. Kxa5 Kc6 42. Kb4 Kd5 43. Kc3 Be4 44. Bc8 Bb1 45. Bb7+ Kc5
46. Ba8 Bf5 47. Bf3 Bb1 48. Be2 Be4 49. Bc4 Bb1 50. Bxf7 Be4 51. Be6 Bb1 52. g4
Be4 53. g5 fxg5 54. fxg5 hxg5 55. hxg5 Kd6 56. Bc4 Ke5 57. g6 Bxg6 {Normal}
1/2-1/2

[Event "Rated Blitz game"]
[Site "?"]
[Date "2021.05.07"]
[Round "?"]
[White "Son_Goku7"]
[Black "DarthZannah"]
[Result "0-1"]
[WhiteElo "2461"]
[BlackElo "2513"]
[PlyCount "100"]
[EventDate "2021.??.??"]
[EventType "blitz"]

1. e4 e5 2. Nf3 d5 3. exd5 e4 4. Nd4 Qxd5 5. Ne2 Nf6 6. Nbc3 Qa5 7. h3 Bc5 8.
d4 exd3 9. Qxd3 O-O 10. Bd2 Nc6 11. Qb5 Qb6 12. Qxb6 Bxb6 13. Na4 Bf5 14. Nxb6
axb6 15. Ng3 Bxc2 16. Be2 Nd4 17. O-O Nxe2+ 18. Nxe2 Bd3 19. Rfe1 Bxe2 20. Rxe2
Rfe8 21. Rxe8+ Rxe8 22. Bf4 Nd5 23. Bg3 c6 24. Kf1 f6 25. Rd1 Kf7 26. a3 g5 27.
h4 h6 28. hxg5 hxg5 29. Rd3 f5 30. f3 Re3 31. Rd2 Rb3 32. Be5 Ke6 33. Bd4 f4
34. Re2+ Kf7 35. Re5 Rd3 36. Bf2 Kf6 37. Re8 Rd2 38. Rb8 Ne3+ 39. Bxe3 fxe3 40.
Re8 Rf2+ 41. Kg1 Rxb2 42. Rxe3 b5 43. g3 b4 44. axb4 Rxb4 45. Kf2 Rb2+ 46. Ke1
c5 47. Rd3 Ke5 48. Rd7 c4 49. Rc7 Kd4 50. Rd7+ Ke3 {Normal} 0-1

[Event "Rated Blitz game"]
[Site "?"]
[Date "2021.05.07"]
[Round "?"]
[White "luismimuzu"]
[Black "KamranShirazi"]
[Result "0-1"]
[WhiteElo "2492"]
[BlackElo "2472"]
[PlyCount "42"]
[EventDate "2021.??.??"]
[EventType "blitz"]

1. e4 e5 2. Nf3 d5 3. exd5 e4 4. Qe2 Nf6 5. d3 Bb4+ 6. c3 O-O 7. dxe4 Bc5 8.
Bf4 Re8 9. Nbd2 Nxd5 10. Bg3 f5 11. e5 c6 12. O-O-O Qa5 13. Nb3 Qxa2 14. Rxd5
cxd5 15. Nxc5 f4 16. Qd3 Rf8 17. e6 Na6 18. Nxa6 Bxe6 19. Bh4 Bf5 20. Qxf5 Rxf5
21. Nc5 d4 {Time forfeit} 0-1

[Event "Rated Blitz game"]
[Site "?"]
[Date "2021.05.07"]
[Round "?"]
[White "lord_barre"]
[Black "KamranShirazi"]
[Result "1-0"]
[WhiteElo "2465"]
[BlackElo "2462"]
[PlyCount "59"]
[EventDate "2021.??.??"]
[EventType "blitz"]

1. e4 e5 2. Nf3 d5 3. exd5 e4 4. Qe2 Nf6 5. d3 Bb4+ 6. c3 O-O 7. dxe4 Bc5 8.
Bg5 c6 9. dxc6 Nxc6 10. Nbd2 h6 11. Bh4 Re8 12. O-O-O Qc7 13. Bxf6 gxf6 14. Nb3
Bb6 15. Qd2 Rxe4 16. Bd3 Rf4 17. Rhe1 Bg4 18. Re4 Rxe4 19. Bxe4 Re8 20. Bxc6
bxc6 21. Qxh6 Bxf2 22. Qxf6 Bxf3 23. Qxf3 Be3+ 24. Kc2 Qxh2 25. Qxc6 Qh7+ 26.
Rd3 Re6 27. Qa8+ Kg7 28. Qf3 Bg5 29. Nd4 Re3 30. Nf5+ {Time forfeit} 1-0

[Event "Rated Blitz game"]
[Site "?"]
[Date "2021.05.07"]
[Round "?"]
[White "saivishwesh"]
[Black "tiktokchancechess"]
[Result "1-0"]
[WhiteElo "2520"]
[BlackElo "2410"]
[PlyCount "77"]
[EventDate "2021.??.??"]
[EventType "blitz"]

1. e4 e5 2. Nf3 d5 3. Nc3 d4 4. Ne2 Nc6 5. d3 Nf6 6. g3 Qd6 7. Bg2 Be7 8. O-O
O-O 9. Ne1 a5 10. f4 Ng4 11. h3 Ne3 12. Bxe3 dxe3 13. Nf3 exf4 14. gxf4 Rd8 15.
Kh2 g5 16. e5 Qe6 17. Rg1 gxf4 18. Nxf4 Qf5 19. Ne2 Nxe5 20. Ng3 Ng4+ 21. hxg4
Qxg4 22. Qf1 Rd6 23. Bh3 Qf4 24. Nd4 Qe5 25. Ndf5 Bg5 26. Kh1 Rg6 27. Ne4 Bf4
28. Nh4 Rxg1+ 29. Qxg1+ Kh8 30. Bxc8 Rxc8 31. Qg4 Ra8 32. Rf1 Rg8 33. Qxf4 Qxf4
34. Rxf4 e2 35. Nf3 Rf8 36. Kg2 Kg7 37. Kf2 e1=B+ 38. Kxe1 Kg6 39. Rf6+ {Normal
} 1-0

[Event "Rated Blitz game"]
[Site "?"]
[Date "2021.05.07"]
[Round "?"]
[White "Jazzyjef"]
[Black "KinzyabulatovRenat"]
[Result "0-1"]
[WhiteElo "2569"]
[BlackElo "2421"]
[PlyCount "36"]
[EventDate "2021.??.??"]
[EventType "blitz"]

1. e4 e5 2. Nf3 d5 3. Nc3 d4 4. Ne2 Bd6 5. Ng3 g6 6. Bc4 Nc6 7. a3 h5 8. h4 Bg4
9. Be2 Nge7 10. d3 Qd7 11. Ng5 f6 12. Nh3 Nd8 13. Bxg4 hxg4 14. Ng1 f5 15. exf5
gxf5 16. Bg5 Qc6 17. f3 e4 18. Bxe7 Bxg3+ {Normal} 0-1

[Event "Rated Blitz tournament 6ygGTofF"]
[Site "?"]
[Date "2021.05.07"]
[Round "?"]
[White "hriday12345678900"]
[Black "Arkadag2020"]
[Result "0-1"]
[WhiteElo "2299"]
[BlackElo "2568"]
[PlyCount "104"]
[EventDate "2021.??.??"]
[EventType "blitz"]

1. e4 e5 2. Nf3 d5 3. Nxe5 Bd6 4. d4 Nf6 5. exd5 O-O 6. Bd3 c5 7. dxc6 Nxc6 8.
Nxc6 bxc6 9. O-O Bg4 10. f3 Be6 11. Nc3 Rb8 12. b3 c5 13. Bg5 h6 14. Bh4 Be7
15. Ne2 cxd4 16. Bf2 Bc5 17. Kh1 Qa5 18. Nxd4 Bd7 19. Bc4 Rbd8 20. Qd3 Bb6 21.
Rfd1 Qg5 22. Qd2 Qh5 23. Qf4 Bc8 24. Qg3 Bb7 25. a4 Rd7 26. Bb5 Rd5 27. c3 Rfd8
28. Rac1 a6 29. Bd3 Ba7 30. b4 g5 31. Bf5 Bb8 32. Qh3 Qxh3 33. Bxh3 Ba7 34. Re1
Bc8 35. Bxc8 Rxc8 36. a5 g4 37. fxg4 Nxg4 38. Bg1 h5 39. Rf1 Rc7 40. Nf5 Bxg1
41. Kxg1 Rd3 42. c4 Ne5 43. c5 Nc6 44. Rce1 Rb3 45. Re8+ Kh7 46. Ng3 Nxb4 47.
Nxh5 Nd5 48. h4 Rc6 49. Re5 Ne3 50. Rxf7+ Kh6 51. Rg5 Ng4 52. Nf4 Rb1# {Normal}
0-1

[Event "Rated Blitz game"]
[Site "?"]
[Date "2021.05.07"]
[Round "?"]
[White "Sqatles"]
[Black "KinzyabulatovRenat"]
[Result "0-1"]
[WhiteElo "2479"]
[BlackElo "2451"]
[PlyCount "56"]
[EventDate "2021.??.??"]
[EventType "blitz"]

1. e4 e5 2. Nf3 d5 3. d4 dxe4 4. Nxe5 Bd6 5. Nc4 Nf6 6. Nc3 O-O 7. Bg5 Be7 8.
Qd2 Nc6 9. O-O-O Bg4 10. Be2 Bxe2 11. Nxe2 Nd5 12. Bxe7 Qxe7 13. Ng3 f5 14.
Rhe1 Qb4 15. Qxb4 Ncxb4 16. c3 Nd3+ 17. Kc2 Nxe1+ 18. Rxe1 Nf4 19. Rg1 Rae8 20.
Ne5 c5 21. Nd7 Rf7 22. Nxc5 h5 23. Nf1 b6 24. Nb3 Nd3 25. Ng3 Nxf2 26. Nxh5 f4
27. Nc1 g6 28. Rf1 e3 {Normal} 0-1

[Event "Rated Blitz game"]
[Site "?"]
[Date "2021.05.07"]
[Round "?"]
[White "saeidpirmaleki2000"]
[Black "KinzyabulatovRenat"]
[Result "0-1"]
[WhiteElo "2429"]
[BlackElo "2435"]
[PlyCount "80"]
[EventDate "2021.??.??"]
[EventType "blitz"]

1. e4 e5 2. Nf3 d5 3. d4 dxe4 4. Nxe5 Bd6 5. Bf4 Nf6 6. Bc4 O-O 7. O-O Nc6 8.
Nc3 Bb4 9. Nxc6 bxc6 10. Bg5 Be7 11. Re1 Bf5 12. Qd2 h6 13. Bh4 Re8 14. Rad1
Rb8 15. Bb3 Rb4 16. a3 Rb8 17. Na4 Nd5 18. Bxe7 Qxe7 19. Nc5 Qh4 20. Bxd5 cxd5
21. b4 Rb6 22. Re3 Bg4 23. Rde1 Rg6 24. Rg3 Qf6 25. b5 h5 26. h3 Bc8 27. Ree3
h4 28. Rxg6 Qxg6 29. Kf1 f5 30. Re1 Qf6 31. c3 f4 32. a4 e3 33. Qa2 Be6 34. Kg1
f3 35. fxe3 fxg2 36. Qxg2 Bf7 37. Rf1 Qh6 38. Rf4 Rxe3 39. Rg4 Re1+ 40. Kh2
Qd6+ {Time forfeit} 0-1

[Event "Rated Blitz tournament 6ygGTofF"]
[Site "?"]
[Date "2021.05.07"]
[Round "?"]
[White "rins87"]
[Black "Arkadag2020"]
[Result "0-1"]
[WhiteElo "2293"]
[BlackElo "2567"]
[PlyCount "112"]
[EventDate "2021.??.??"]
[EventType "blitz"]

1. e4 e5 2. Nf3 d5 3. exd5 e4 4. Ne5 Qxd5 5. d4 exd3 6. Nxd3 Nf6 7. Nc3 Qa5 8.
Be2 Bd6 9. O-O O-O 10. Re1 Nc6 11. Bd2 Qf5 12. Be3 a6 13. Bf3 Rd8 14. Qe2 Be6
15. Rad1 Ng4 16. Bxg4 Qxg4 17. Qxg4 Bxg4 18. f3 Bf5 19. Bf2 Bxd3 20. cxd3 Be5
21. a3 h6 22. Re2 Rd7 23. Ne4 Nd4 24. Bxd4 Bxd4+ 25. Kf1 f5 26. Nc3 Rad8 27.
Rc2 c6 28. g3 Kf7 29. Ke2 Re8+ 30. Kf1 Re3 31. Kg2 Rde7 32. Rdd2 g5 33. f4 g4
34. Nd1 Re1 35. Nf2 Rb1 36. Re2 Rxe2 37. Rxe2 Rxb2 38. Rxb2 Bxb2 39. a4 b5 40.
axb5 cxb5 41. Nd1 Bd4 42. h3 h5 43. hxg4 hxg4 44. Kf1 b4 45. Ke2 a5 46. Kd2 a4
47. Kc2 b3+ 48. Kb1 a3 49. Nb2 Bxb2 50. d4 Bxd4 51. Kc1 Bf2 52. Kb1 Bxg3 53.
Ka1 Bxf4 54. Kb1 g3 55. Ka1 g2 56. Kb1 g1=Q# {Normal} 0-1

[Event "Rated Blitz tournament eMXNvI74"]
[Site "?"]
[Date "2021.05.07"]
[Round "?"]
[White "Lynxinner"]
[Black "VVV-31"]
[Result "1-0"]
[WhiteElo "2574"]
[BlackElo "2266"]
[PlyCount "65"]
[EventDate "2021.??.??"]
[EventType "blitz"]

1. e4 e5 2. Nf3 d5 3. exd5 Bd6 4. Nc3 Nf6 5. Bb5+ c6 6. dxc6 Nxc6 7. d4 exd4 8.
Nxd4 O-O 9. Bxc6 bxc6 10. O-O c5 11. Nf3 Ba6 12. Re1 Rb8 13. Bg5 Rxb2 14. Nd5
Bb7 15. Nxf6+ gxf6 16. Bh6 Rb4 17. Bxf8 Qxf8 18. Rb1 a5 19. c3 Rxb1 20. Qxb1
Bxf3 21. gxf3 Qh6 22. Qf5 Qxh2+ 23. Kf1 Be5 24. f4 Bxc3 25. Re3 Qh1+ 26. Ke2
Qe1+ 27. Kf3 Qd1+ 28. Kg2 Kf8 29. Qc8+ Kg7 30. Rg3+ Kh6 31. Qh3+ Qh5 32. Rxc3
Qxh3+ 33. Rxh3+ {Normal} 1-0

[Event "Rated Blitz game"]
[Site "?"]
[Date "2021.05.07"]
[Round "?"]
[White "NormWeinstein"]
[Black "Gifroy"]
[Result "0-1"]
[WhiteElo "2468"]
[BlackElo "2412"]
[PlyCount "142"]
[EventDate "2021.??.??"]
[EventType "blitz"]

1. e4 e5 2. Nf3 d5 3. d4 dxe4 4. Nxe5 Bd6 5. Bf4 Nf6 6. Be2 O-O 7. O-O Nc6 8.
Nc3 Bf5 9. f3 Qe7 10. fxe4 Nxe4 11. Nxc6 bxc6 12. Kh1 Nxc3 13. bxc3 Be4 14. Bd3
f5 15. Qd2 Qh4 16. Rae1 Rae8 17. Bxd6 cxd6 18. Kg1 d5 19. c4 h6 20. cxd5 cxd5
21. c4 dxc4 22. Bxc4+ Kh8 23. Qf2 Qf6 24. d5 Qe7 25. Rd1 Rd8 26. Rd2 a5 27.
Rfd1 Rd6 28. Qc5 Rfd8 29. Qxa5 Qg5 30. Qc3 f4 31. Qd4 Re8 32. Qf2 f3 33. g3
Red8 34. Bb3 h5 35. Re1 Qg6 36. Qd4 Re8 37. Rf2 h4 38. Kf1 hxg3 39. hxg3 Qxg3
40. Rxe4 Qh3+ 41. Ke1 Qh1+ 42. Kd2 Rxe4 43. Qxe4 Qa1 44. Qe8+ Kh7 45. Qe4+ Rg6
46. Qc2 Qd4+ 47. Qd3 Qxf2+ 48. Kc3 Qe2 49. Bc4 Qxd3+ 50. Bxd3 f2 51. Bf1 Rg1
52. Kd2 Rxf1 53. Ke2 Ra1 54. Kxf2 Rxa2+ 55. Ke3 Ra5 56. Ke4 Rxd5 57. Kxd5 Kh6
58. Ke4 Kg5 59. Kf3 g6 60. Kg2 Kh4 61. Kf2 g5 62. Kg2 Kg4 63. Kg1 Kg3 64. Kf1
g4 65. Kg1 Kh3 66. Kf1 g3 67. Kg1 g2 68. Kf2 Kh2 69. Kf3 g1=Q 70. Kf4 Qg3+ 71.
Kf5 Qg2 {Time forfeit} 0-1

[Event "Rated Blitz game"]
[Site "?"]
[Date "2021.05.06"]
[Round "?"]
[White "lau_ocs"]
[Black "blastol"]
[Result "0-1"]
[WhiteElo "2493"]
[BlackElo "2397"]
[PlyCount "56"]
[EventDate "2021.??.??"]
[EventType "blitz"]

1. e4 e5 2. Nf3 d5 3. Nxe5 Bd6 4. d4 dxe4 5. Nc4 f5 6. Be2 Nf6 7. Bg5 O-O 8.
Nc3 Nc6 9. Qd2 Bb4 10. Rd1 Qe8 11. d5 Ne5 12. a3 Bd6 13. Nxd6 cxd6 14. Bf4 Bd7
15. O-O Rc8 16. h3 Qg6 17. Kh1 a6 18. Qd4 Nf7 19. a4 Nh5 20. Bh2 Rce8 21. a5 f4
22. Bxh5 Qxh5 23. Nxe4 f3 24. Rd3 Ne5 25. Bxe5 dxe5 26. Qe3 Bxh3 27. gxh3 Qxh3+
28. Kg1 Qg2# {Normal} 0-1

[Event "Rated Blitz game"]
[Site "?"]
[Date "2021.05.06"]
[Round "?"]
[White "quick_Mate"]
[Black "tomatov"]
[Result "0-1"]
[WhiteElo "2645"]
[BlackElo "2580"]
[PlyCount "104"]
[EventDate "2021.??.??"]
[EventType "blitz"]

1. e4 e5 2. Nf3 d5 3. exd5 e4 4. Qe2 Nf6 5. d3 Qxd5 6. Nc3 Bb4 7. Bd2 Bxc3 8.
Bxc3 O-O 9. Ne5 exd3 10. Qxd3 Re8 11. O-O-O Qxa2 12. b3 Nbd7 13. Nxf7 Kxf7 14.
Qc4+ Kf8 15. Qxc7 Qa3+ 16. Kb1 Qc5 17. Rxd7 Nxd7 18. Qf4+ Kg8 19. Bc4+ Kh8 20.
Qf7 Qf8 21. Bxg7+ Qxg7 22. Qxe8+ Nf8 23. Rd1 Bg4 24. Qxa8 Bxd1 25. Qxa7 Qc3 26.
Bd3 Be2 27. Qb8 Kg7 28. Qxb7+ Kh6 29. Qb6+ Ng6 30. Qe3+ Kg7 31. Qxe2 Qc5 32.
Qe3 Qc7 33. Bxg6 hxg6 34. Qd4+ Kh6 35. f4 Qb7 36. g4 Qg2 37. Kb2 Qxg4 38. Qe5
Qc8 39. Qg5+ Kh7 40. Qe5 Qf8 41. h4 Qc8 42. h5 gxh5 43. Qxh5+ Kg7 44. Qg5+ Kf7
45. Qe5 Qg4 46. f5 Qd1 47. Qe6+ Kg7 48. Qg6+ Kf8 49. Qe6 Qd4+ 50. Ka3 Qa7+ 51.
Kb2 Qe7 52. c3 Qg5 {Time forfeit} 0-1